[Event "M.Botvinnik Memorial 2012"]
[Site "St. Petersburg, Russia"]
[Date "2012.08.28"]
[Round "4.55"]
[White "Usmanov, Vasily"]
[Black "Aminov, Andrey"]
[Result "1-0"]
[WhiteElo "2333"]
[BlackElo "2142"]
[PlyCount "85"]
[EventDate "2012.08.25"]

1. d4 Nf6 2. c4 g6 3. Nc3 Bg7 4. e4 d6 5. Be2 O-O 6. Bg5 Na6 7. Qd2 e5 8. d5
Qe8 9. Bd1 c6 10. Nge2 cxd5 11. cxd5 Nc5 12. f3 a5 13. O-O Bd7 14. Rb1 Nh5 15.
g4 f6 16. Be3 Nf4 17. Nxf4 exf4 18. Bxf4 Qe7 19. Bc2 Rae8 20. Rbe1 Kh8 21. Bg3
b6 22. a3 a4 23. Qf4 Qe5 24. Qd2 Qe7 25. h3 Rd8 26. Kg2 Rf7 27. Qd1 Ra8 28. Rf2
Qf8 29. f4 f5 30. gxf5 gxf5 31. e5 dxe5 32. fxe5 f4 33. Qh5 Bh6 34. Bh4 Qg7+
35. Kh1 Rg8 36. Bf6 Rxf6 37. exf6 Qxf6 38. Qe5 Qxe5 39. Rxe5 Bg5 40. h4 Bxh4
41. Rxf4 Bg3 42. Rf7 Rg4 43. Ree7 1-0

[Event "M.Botvinnik Memorial 2012"]
[Site "St. Petersburg, Russia"]
[Date "2012.08.28"]
[Round "4.56"]
[White "Emdin, Mark"]
[Black "Donskov, Anatoly"]
[Result "1-0"]
[WhiteElo "2109"]
[BlackElo "2328"]
[PlyCount "111"]
[EventDate "2012.08.25"]

1. d4 Nf6 2. c4 e6 3. Nc3 Bb4 4. e3 O-O 5. Nge2 d5 6. a3 Bd6 7. cxd5 exd5 8. g3
c6 9. Bg2 Bf5 10. O-O Nbd7 11. f3 Re8 12. g4 Bxg4 13. fxg4 Nxg4 14. h3 Nxe3 15.
Bxe3 Rxe3 16. Qd2 Qe7 17. Nf4 Re8 18. Ncxd5 cxd5 19. Nxd5 Qg5 20. Nxe3 Rxe3 21.
Rae1 Bf4 22. Qf2 Nf6 23. Rc1 Bd6 24. Rc8+ Bf8 25. Qf4 Qxf4 26. Rxf4 Re6 27.
Bxb7 Rb6 28. Bc6 Rxb2 29. d5 Rd2 30. Rb4 h6 31. Rbb8 Nh7 32. Rd8 f5 33. d6 Kf7
34. d7 Bc5+ 35. Kf1 Nf6 36. Rb7 Be7 37. Re8 Rxd7 38. Bxd7 Nxe8 39. Rxa7 Nd6 40.
a4 Kf6 41. a5 Bd8 42. Ra8 Ke7 43. Bc6 Nc4 44. a6 Bb6 45. a7 Bxa7 46. Rxa7+ Kf6
47. Bf3 g6 48. Ra6+ Kg5 49. Kf2 Ne5 50. Kg3 f4+ 51. Kg2 Kh4 52. Re6 Nd3 53.
Rxg6 h5 54. Rh6 Kg5 55. Rxh5+ Kg6 56. Ra5 1-0

[Event "M.Botvinnik Memorial 2012"]
[Site "St. Petersburg, Russia"]
[Date "2012.08.28"]
[Round "4.57"]
[White "Sichinava, Zviad"]
[Black "Pen, Pyotr"]
[Result "1-0"]
[WhiteElo "2322"]
[BlackElo "2138"]
[PlyCount "95"]
[EventDate "2012.08.25"]

1. d4 Nf6 2. c4 g6 3. g3 Bg7 4. Bg2 O-O 5. Nf3 d6 6. O-O Nc6 7. Nc3 a6 8. a3
Re8 9. b4 e5 10. e3 Bg4 11. h3 Bxf3 12. Bxf3 exd4 13. exd4 Nxd4 14. Bxb7 Nd7
15. Ra2 Ra7 16. Bg2 Ne5 17. c5 dxc5 18. bxc5 Qe7 19. Ne4 f5 20. Ng5 h6 21. Qxd4
Nf3+ 22. Nxf3 Bxd4 23. Nxd4 Qxc5 24. Be3 Rxe3 25. fxe3 a5 26. Kh2 h5 27. Rc2
Qxa3 28. Rc6 Kh7 29. Nb5 Qxe3 30. Rf3 Qe5 31. Nxa7 h4 32. Rcc3 hxg3+ 33. Rxg3
f4 34. Rgf3 g5 35. Nc6 Qd6 36. Nxa5 c5 37. Nb7 Qb8 38. Nxc5 Kg6 39. Nd7 Qb1 40.
Ne5+ Kh5 41. Ng4 Qb5 42. Rcd3 Qb1 43. Rd7 Qb4 44. Rfd3 f3 45. Rh7+ Kg6 46. Rh6+
Kg7 47. Rd7+ Kg8 48. Nf6+ 1-0

[Event "M.Botvinnik Memorial 2012"]
[Site "St. Petersburg, Russia"]
[Date "2012.08.28"]
[Round "4.58"]
[White "Kuzmin, Egor"]
[Black "Serrano Salvador, Eduardo"]
[Result "1/2-1/2"]
[WhiteElo "2134"]
[BlackElo "2319"]
[PlyCount "57"]
[EventDate "2012.08.25"]

1. d4 d5 2. c4 c6 3. cxd5 cxd5 4. Nf3 Nc6 5. Nc3 Nf6 6. e3 a6 7. Ne5 e6 8. f4
Nxe5 9. fxe5 Ne4 10. Nxe4 dxe4 11. Bd2 Bd7 12. Qg4 Bc6 13. Be2 f5 14. exf6 Qxf6
15. Rf1 Qg6 16. Qxg6+ hxg6 17. h3 Bd5 18. a3 Bd6 19. Bb4 Bxb4+ 20. axb4 Rc8 21.
Kd2 Ke7 22. Rac1 Rxc1 23. Rxc1 Kd6 24. Ke1 Rf8 25. Rc3 Bc6 26. Rc5 Bd5 27. Rc3
Bc6 28. Rc5 Bd5 29. Rc3 1/2-1/2

[Event "M.Botvinnik Memorial 2012"]
[Site "St. Petersburg, Russia"]
[Date "2012.08.28"]
[Round "4.59"]
[White "Molchanova, Tatjana"]
[Black "Shulakova, Svetlana"]
[Result "0-1"]
[WhiteElo "2318"]
[BlackElo "2123"]
[PlyCount "66"]
[EventDate "2012.08.25"]

1. e4 c5 2. Nf3 d6 3. c3 Nf6 4. Be2 Nc6 5. d4 cxd4 6. cxd4 Nxe4 7. d5 Qa5+ 8.
Nc3 Nxc3 9. bxc3 Ne5 10. Nxe5 dxe5 11. O-O g6 12. Qb3 a6 13. Ba3 Bg7 14. Rfd1
b5 15. c4 bxc4 16. Bxc4 Bd7 17. Qb7 Rc8 18. Bb4 Qd8 19. d6 Rxc4 20. dxe7 Qc8
21. Qb6 Qc7 22. Qxc7 Rxc7 23. Rd6 Rc6 24. Rad1 Rxd6 25. Rxd6 a5 26. Bc5 f5 27.
Ra6 a4 28. Ra7 Bf6 29. Bd6 e4 30. Bb4 h5 31. Ra8+ Kf7 32. Rf8+ Kg7 33. Rxf6 Rc8
0-1

[Event "M.Botvinnik Memorial 2012"]
[Site "St. Petersburg, Russia"]
[Date "2012.08.28"]
[Round "4.60"]
[White "Rupel, David G"]
[Black "Polyaninov, Aleksey"]
[Result "1/2-1/2"]
[WhiteElo "2100"]
[BlackElo "2316"]
[PlyCount "80"]
[EventDate "2012.08.25"]

1. d4 Nf6 2. c4 c5 3. Nf3 cxd4 4. Nxd4 e5 5. Nc2 d5 6. cxd5 Qxd5 7. Qxd5 Nxd5
8. e4 Nb4 9. Nxb4 Bxb4+ 10. Nc3 Nc6 11. Bd2 Be6 12. Bb5 Rc8 13. a3 Ba5 14. b4
Bd8 15. O-O O-O 16. Bxc6 Rxc6 17. Nd5 Rc4 18. Rfe1 f5 19. Rac1 Rxe4 20. Rxe4
fxe4 21. Nc3 Bb6 22. Nxe4 Rd8 23. Bc3 Bf5 24. Nc5 Bxc5 25. bxc5 Rd5 26. Bb4 Kf7
27. h3 Bd7 28. Rc2 Rd1+ 29. Kh2 Bc6 30. f3 Ke6 31. Re2 Kf5 32. Bc3 Rd5 33. g4+
Ke6 34. f4 Rxc5 35. Bxe5 Kf7 36. Bd6 Rd5 37. Re7+ Kf6 38. g5+ Kg6 39. Be5 Rd7
40. Rxd7 Bxd7 1/2-1/2

[Event "M.Botvinnik Memorial 2012"]
[Site "St. Petersburg, Russia"]
[Date "2012.08.28"]
[Round "4.61"]
[White "Duzhakov, Ilya"]
[Black "Yakupova, Aysyla"]
[Result "1-0"]
[WhiteElo "2313"]
[BlackElo "2116"]
[PlyCount "87"]
[EventDate "2012.08.25"]

1. e4 e5 2. Nf3 Nc6 3. Bb5 a6 4. Ba4 Nf6 5. O-O Be7 6. Re1 b5 7. Bb3 d6 8. h3
O-O 9. c3 Na5 10. Bc2 c5 11. d4 cxd4 12. cxd4 Nc6 13. Nc3 b4 14. Nd5 h6 15. Be3
Rb8 16. Rc1 exd4 17. Nxe7+ Qxe7 18. Nxd4 Nxd4 19. Qxd4 Qe5 20. Qd3 d5 21. Qd2
Qe6 22. Bc5 Rd8 23. e5 Nd7 24. Bd6 Rb6 25. Bc7 Re8 26. Bxb6 Nxb6 27. Qxb4 Bb7
28. Qd4 Rc8 29. Bd3 g6 30. Rxc8+ Bxc8 31. f4 Qc6 32. Kh2 h5 33. Re2 Be6 34. Rc2
Qb7 35. b3 Nd7 36. Rc3 Kh7 37. a4 Nb8 38. a5 Nd7 39. b4 Kg7 40. Rc1 Kh7 41. Ra1
Nb8 42. Qc5 Bd7 43. Qe7 Kg8 44. e6 1-0

[Event "M.Botvinnik Memorial 2012"]
[Site "St. Petersburg, Russia"]
[Date "2012.08.28"]
[Round "4.62"]
[White "Palachev, Petr"]
[Black "Korchagina, Viktoria"]
[Result "1-0"]
[WhiteElo "2290"]
[BlackElo "2071"]
[PlyCount "107"]
[EventDate "2012.08.25"]

1. c4 Nf6 2. Nc3 d5 3. cxd5 Nxd5 4. g3 g6 5. Bg2 Nb6 6. d3 Bg7 7. Be3 e5 8. Bc5
N8d7 9. Ba3 Nf6 10. Nf3 Nfd5 11. Nd2 Ne7 12. Rc1 O-O 13. Nb5 c6 14. Nd6 Qc7 15.
Nxc8 Raxc8 16. O-O Rfd8 17. Qc2 Nf5 18. Ne4 Nd4 19. Qd2 f5 20. Nc5 Qf7 21. b3
e4 22. Rfd1 exd3 23. Nxd3 Nd7 24. e3 Ne6 25. Qa5 b6 26. Qa4 b5 27. Qa5 Ne5 28.
Nxe5 Rxd1+ 29. Rxd1 Bxe5 30. Qa6 Qc7 31. Bd5 Qd7 32. Rc1 Rd8 33. Bxc6 Qd2 34.
Qxb5 Bd6 35. Qc4 Bxa3 36. Qxe6+ Kh8 37. Qf6+ Kg8 38. Qe6+ Kh8 39. Qe5+ Kg8 40.
Rc4 Bb2 41. Qe6+ Kh8 42. Qf7 a5 43. Kg2 Bg7 44. Rh4 Qd6 45. Be8 g5 46. Rc4 Qe5
47. Bd7 Rf8 48. Qe6 Qxe6 49. Bxe6 f4 50. exf4 gxf4 51. gxf4 Rf6 52. f5 Bf8 53.
Rg4 Bg7 54. Ra4 1-0

[Event "M.Botvinnik Memorial 2012"]
[Site "St. Petersburg, Russia"]
[Date "2012.08.28"]
[Round "4.63"]
[White "Nikomanis, Andreas"]
[Black "Chetverik, Maxim"]
[Result "0-1"]
[WhiteElo "2049"]
[BlackElo "2272"]
[PlyCount "64"]
[EventDate "2012.08.25"]

1. e4 Nf6 2. e5 Nd5 3. d4 d6 4. Nf3 g6 5. Bc4 Nb6 6. Bb3 Bg7 7. exd6 cxd6 8.
O-O O-O 9. Re1 d5 10. h3 Nc6 11. c3 Bf5 12. Nbd2 h6 13. Nf1 Kh7 14. Bf4 Qd7 15.
Ng3 Rad8 16. Nh4 e6 17. Nhxf5 exf5 18. Bc2 Rfe8 19. Qf3 Rxe1+ 20. Rxe1 Re8 21.
Rxe8 Qxe8 22. Bc7 Qe1+ 23. Kh2 Bxd4 24. Nxf5 Bxf2 25. h4 Qg1+ 26. Kh3 Qh1+ 27.
Kg4 h5+ 28. Kg5 Qc1+ 29. Bf4 Qxc2 30. Nd6 Nd7 31. Bg3 f6+ 32. Kf4 Qd2+ 0-1

[Event "M.Botvinnik Memorial 2012"]
[Site "St. Petersburg, Russia"]
[Date "2012.08.28"]
[Round "4.64"]
[White "Vunder, Andrey"]
[Black "Opanasenko, Mikhail"]
[Result "1/2-1/2"]
[WhiteElo "2248"]
[BlackElo "2016"]
[PlyCount "114"]
[EventDate "2012.08.25"]

1. d4 Nf6 2. Nf3 e6 3. e3 b6 4. Bd3 Bb7 5. O-O d5 6. c4 Bd6 7. Nc3 O-O 8. Qe2
Ne4 9. Qc2 Nxc3 10. bxc3 dxc4 11. Bxh7+ Kh8 12. Be4 Bxe4 13. Qxe4 Nd7 14. Qc6
Nf6 15. Qxc4 Ne4 16. a4 Qe7 17. Qb3 g5 18. Qc2 f5 19. c4 Rf7 20. Bb2 g4 21. d5+
Kg8 22. Ne5 Rh7 23. g3 Bxe5 24. Bxe5 Ng5 25. f4 gxf3 26. h4 f2+ 27. Rxf2 Nh3+
28. Kg2 Nxf2 29. Qxf2 Rf8 30. Rd1 exd5 31. Qf4 dxc4 32. Qxc4+ Qf7 33. Qf4 Qe7
34. Qc4+ Rhf7 35. Rd5 Rd8 36. Rxd8+ Qxd8 37. Qe6 Qe7 38. Qg6+ Kf8 39. Bf4 Ke8
40. Qc6+ Qd7 41. Qa8+ Ke7 42. Bg5+ Ke6 43. e4 c6 44. exf5+ Rxf5 45. Qg8+ Qf7
46. Qc8+ Kd5 47. Bf4 Qe6 48. Qd8+ Kc4 49. Qb8 Ra5 50. Qh8 Rxa4 51. Qb2 Kc5 52.
Qc2+ Qc4 53. Be3+ Kd6 54. Bf4+ Ke7 55. Qh7+ Qf7 56. Bg5+ Ke6 57. Qc2 Rd4
1/2-1/2

[Event "M.Botvinnik Memorial 2012"]
[Site "St. Petersburg, Russia"]
[Date "2012.08.28"]
[Round "4.65"]
[White "Potyavin, Igor"]
[Black "Bronnikova, Elizaveta"]
[Result "0-1"]
[WhiteElo "2053"]
[BlackElo "2238"]
[PlyCount "70"]
[EventDate "2012.08.25"]

1. d4 Nf6 2. c4 g6 3. Nc3 Bg7 4. e4 d6 5. f3 c6 6. Be3 a6 7. Bd3 b5 8. Qd2 Nbd7
9. cxb5 axb5 10. Nge2 O-O 11. O-O e5 12. a3 exd4 13. Nxd4 Ne5 14. Be2 Bb7 15.
b3 Re8 16. g4 h5 17. g5 Nfd7 18. h3 Nc5 19. f4 Ned7 20. Rab1 Rxa3 21. Qc2 b4
22. Bc4 bxc3 23. Bxf7+ Kxf7 24. f5 Rxe4 25. fxg6+ Kg8 26. Qe2 Rxe3 27. Qxh5
Rxh3 28. Qxh3 Qxg5+ 29. Kh1 Qh6 30. Qxh6 Bxh6 31. Nf5 Bg5 32. Rbe1 Ne5 33. Nxd6
Ncd3 34. Rxe5 Nxe5 35. Nxb7 c2 0-1

[Event "M.Botvinnik Memorial 2012"]
[Site "St. Petersburg, Russia"]
[Date "2012.08.28"]
[Round "4.66"]
[White "Papadakis, Michalis"]
[Black "Voronenkov, Sergey"]
[Result "1/2-1/2"]
[WhiteElo "2235"]
[BlackElo "2012"]
[PlyCount "206"]
[EventDate "2012.08.25"]

1. d4 Nf6 2. Bg5 Ne4 3. Bf4 c5 4. f3 Nf6 5. dxc5 Qa5+ 6. Qd2 Qxc5 7. e4 d6 8.
Nc3 a6 9. Be3 Qc7 10. Nge2 Nc6 11. Nf4 e6 12. Be2 Be7 13. O-O-O b5 14. g4 Bb7
15. h4 Nd7 16. g5 Nce5 17. h5 g6 18. hxg6 Nxg6 19. Nxg6 fxg6 20. Bd4 e5 21. Be3
Nb6 22. Rh2 b4 23. Nd5 Bxd5 24. exd5 Nc4 25. Bxc4 Qxc4 26. b3 Qc3 27. Qxc3 bxc3
28. Rd3 Rc8 29. Kd1 O-O 30. Ke2 Rf5 31. Rg2 Kg7 32. Rg4 Bd8 33. Rd1 Rb8 34. a4
Rc8 35. Rdg1 Ba5 36. R1g3 Rf7 37. Rh4 Rb7 38. Rgg4 Rcb8 39. Rc4 Rb4 40. Kd3
R8b7 41. Rhe4 Rxc4 42. Rxc4 Bb4 43. Rc6 a5 44. Ra6 Rf7 45. Ke2 Rf5 46. Ra7+ Kg8
47. Re7 Rf8 48. Kf2 Rc8 49. Ra7 Rf8 50. Kg3 Rc8 51. Rd7 Rf8 52. Kg4 Rf5 53. Ra7
Rf8 54. Bb6 Rf4+ 55. Kg3 Rd4 56. Bxa5 Bxa5 57. Rxa5 Rd2 58. b4 Rxc2 59. Ra8+
Kf7 60. Rc8 Ra2 61. a5 c2 62. a6 Rxa6 63. Rxc2 Rb6 64. Rc7+ Kf8 65. Rc6 Rxb4
66. Rxd6 Rd4 67. Kf2 Kf7 68. Ke3 Kf8 69. Rd7 Ke8 70. Rxh7 Rxd5 71. Ke4 Ra5 72.
Rg7 Ra6 73. Kxe5 Ra5+ 74. Kf4 Ra6 75. Kg4 Kf8 76. Rd7 Ra5 77. f4 Rb5 78. Kf3
Rb4 79. Ke3 Ra4 80. Rd4 Ra1 81. Ke4 Re1+ 82. Kd5 Kf7 83. Rc4 Rd1+ 84. Ke4 Re1+
85. Kf3 Re7 86. Rc6 Kg7 87. Rc5 Kf7 88. Re5 Ra7 89. Rb5 Re7 90. Rb6 Kg7 91. Kg4
Ra7 92. Kf3 Re7 93. Rb5 Kf7 94. Re5 Ra7 95. Rc5 Re7 96. Rd5 Kg7 97. Re5 Ra7 98.
Re4 Ra3+ 99. Ke2 Kf7 100. Kd2 Rb3 101. Rc4 Ke6 102. Rc5 Rf3 103. Ke2 Rxf4
1/2-1/2

[Event "M.Botvinnik Memorial 2012"]
[Site "St. Petersburg, Russia"]
[Date "2012.08.28"]
[Round "4.67"]
[White "Klukin, Kirill"]
[Black "Ganichev, Alexander"]
[Result "0-1"]
[WhiteElo "2025"]
[BlackElo "2227"]
[PlyCount "72"]
[EventDate "2012.08.25"]

1. d4 d5 2. c4 e6 3. cxd5 exd5 4. Nc3 c6 5. Nf3 Nf6 6. Qc2 g6 7. Bg5 Bf5 8. Qb3
Nbd7 9. Qxb7 Rb8 10. Qxc6 Rxb2 11. Bxf6 Qxf6 12. Qc8+ Qd8 13. Qxd8+ Kxd8 14. a3
Nb6 15. Ne5 Rb3 16. Nb5 a6 17. Na7 Kc7 18. e4 Bxe4 19. f3 Bf5 20. Bxa6 Na4 21.
Bb5 Nc3 22. a4 f6 23. Nec6 Nxb5 24. axb5 Bb4+ 25. Nxb4 Rxb4 26. O-O Re8 27.
Rfc1+ Kb7 28. Nc6 Rb2 29. Ra7+ Kb6 30. Rca1 Ree2 31. R7a6+ Kxb5 32. R1a5+ Kc4
33. Rc5+ Kd3 34. Ra3+ Kd2 35. Ra1 Ke3 36. Rc3+ Bd3 0-1

[Event "M.Botvinnik Memorial 2012"]
[Site "St. Petersburg, Russia"]
[Date "2012.08.28"]
[Round "4.68"]
[White "Zimmermann, Ulrich"]
[Black "Boytsov, Alexander"]
[Result "1-0"]
[WhiteElo "2219"]
[BlackElo "1920"]
[PlyCount "77"]
[EventDate "2012.08.25"]

1. d4 d5 2. c4 e6 3. Nf3 c5 4. cxd5 exd5 5. g3 Nc6 6. Bg2 Nf6 7. O-O Be7 8.
dxc5 Bxc5 9. a3 a6 10. b4 Ba7 11. Nc3 Be6 12. Bg5 Qd7 13. Bxf6 gxf6 14. Rc1 Rd8
15. Na4 Ne5 16. Nc5 Bxc5 17. bxc5 Bh3 18. Nxe5 fxe5 19. c6 bxc6 20. Bxh3 Qxh3
21. Rxc6 O-O 22. Qd2 Qg4 23. Rxa6 f5 24. Ra5 f4 25. Rxd5 Rde8 26. f3 Qg6 27.
Rd6 Qh5 28. g4 Qh4 29. Rc1 Rf7 30. Rd7 Rf6 31. Rd8 Rff8 32. Rxe8 Rxe8 33. Kg2
Qe7 34. a4 Qa7 35. Qd5+ Kg7 36. Qc6 Re7 37. g5 Kg8 38. Qc8+ Kg7 39. Qf5 1-0

[Event "M.Botvinnik Memorial 2012"]
[Site "St. Petersburg, Russia"]
[Date "2012.08.28"]
[Round "4.69"]
[White "Fedoseeva, Valentina"]
[Black "Markevich, Ilya"]
[Result "0-1"]
[WhiteElo "1957"]
[BlackElo "2210"]
[PlyCount "62"]
[EventDate "2012.08.25"]

1. Nf3 d5 2. d4 e6 3. e3 c5 4. c4 Nc6 5. Nc3 Nf6 6. b3 cxd4 7. Nxd4 Bb4 8. Bb2
Ne4 9. Rc1 Qa5 10. Ndb5 dxc4 11. Bxc4 a6 12. a3 axb5 13. axb4 Qxb4 14. Bxb5 O-O
15. Bxc6 bxc6 16. O-O Nc5 17. Ne2 Ba6 18. Bc3 Qg4 19. f3 Qg6 20. Bd4 Nd7 21. f4
Qh5 22. Re1 Rfd8 23. Nc3 Qf5 24. Na4 Bb5 25. Nc5 e5 26. fxe5 Ra2 27. e4 Qg5 28.
Rc2 Rxc2 29. Qxc2 Nxe5 30. Be3 Nf3+ 31. Kh1 Qh4 0-1

[Event "M.Botvinnik Memorial 2012"]
[Site "St. Petersburg, Russia"]
[Date "2012.08.28"]
[Round "4.70"]
[White "Kopasov, Evgeny"]
[Black "Arslanov, Shamil"]
[Result "0-1"]
[WhiteElo "2007"]
[BlackElo "2416"]
[PlyCount "68"]
[EventDate "2012.08.25"]

1. d4 d5 2. c4 c6 3. Nf3 Nf6 4. Nc3 e6 5. Bg5 dxc4 6. e4 b5 7. e5 h6 8. Bh4 g5
9. Nxg5 hxg5 10. Bxg5 Nbd7 11. exf6 Bb7 12. g3 c5 13. d5 Qb6 14. Bg2 O-O-O 15.
O-O b4 16. Rb1 Qa6 17. dxe6 Bxg2 18. e7 Bxf1 19. Qd5 Re8 20. Ne4 Bh6 21. Bxh6
Rxh6 22. Nd6+ Qxd6 23. Qxd6 Rxf6 24. Qd5 Bd3 25. Re1 Kc7 26. g4 Re6 27. Rxe6
fxe6 28. Qxe6 c3 29. bxc3 bxc3 30. Qf7 c2 31. Qxe8 c1=Q+ 32. Kg2 Qf1+ 33. Kg3
Qg1+ 34. Kf4 Qxg4+ 0-1

[Event "M.Botvinnik Memorial 2012"]
[Site "St. Petersburg, Russia"]
[Date "2012.08.28"]
[Round "4.71"]
[White "Solovyov, Viktor"]
[Black "Bykova, Anastasia"]
[Result "1-0"]
[WhiteElo "2278"]
[BlackElo "2013"]
[PlyCount "125"]
[EventDate "2012.08.25"]

1. c4 c6 2. e4 d5 3. exd5 cxd5 4. d4 Nf6 5. Nc3 e6 6. Nf3 Be7 7. cxd5 Nxd5 8.
Bd3 O-O 9. O-O Nd7 10. Re1 N7f6 11. a3 b6 12. Bg5 Bb7 13. Bc2 h6 14. Bd2 Rc8
15. Ne5 Qc7 16. Qe2 a6 17. Rec1 Nxc3 18. bxc3 Rfd8 19. Re1 Bd6 20. a4 Bxe5 21.
dxe5 Nd7 22. Rad1 Qc4 23. Qe3 Qg4 24. f3 Qc4 25. Qf2 Qc5 26. Be3 Qxc3 27. Rc1
Qa5 28. Rcd1 b5 29. axb5 axb5 30. Bb1 Qb4 31. Qg3 Kf8 32. Rd4 Rc4 33. Rd6 Rc6
34. Rd2 Rc4 35. Red1 Qe7 36. Bb6 Bd5 37. Bxd8 Qxd8 38. Ba2 Nb6 39. Bxc4 Nxc4
40. Re2 Qb8 41. Qe1 b4 42. Rb1 b3 43. Qc3 Qa7+ 44. Kh1 b2 45. Rexb2 Nxb2 46.
Qxb2 Kg8 47. Qb8+ Qxb8 48. Rxb8+ Kh7 49. Rf8 Kg6 50. Kg1 f6 51. exf6 gxf6 52.
Kf2 Bc4 53. Ke3 Bf1 54. g3 Kf5 55. Rg8 Bh3 56. g4+ Ke5 57. Rh8 f5 58. gxf5 Bxf5
59. Rxh6 Kd6 60. Kf4 Ke7 61. Ke5 Kf7 62. Rf6+ Ke7 63. h4 1-0

[Event "M.Botvinnik Memorial 2012"]
[Site "St. Petersburg, Russia"]
[Date "2012.08.28"]
[Round "4.72"]
[White "Savinov, Leonid"]
[Black "Kharchenko, Daniil"]
[Result "0-1"]
[WhiteElo "2208"]
[BlackElo "2006"]
[PlyCount "130"]
[EventDate "2012.08.25"]

1. d4 d5 2. c4 c6 3. Nc3 Nf6 4. Bg5 a6 5. Bxf6 gxf6 6. cxd5 cxd5 7. Qb3 e6 8.
e3 Nc6 9. Nf3 Bd6 10. Rc1 O-O 11. g4 Bb4 12. a3 Ba5 13. Nd2 e5 14. Be2 exd4 15.
exd4 Qe7 16. Kf1 Nxd4 17. Qd1 Be6 18. b4 Bb6 19. Nf3 Bxg4 20. Nxd5 Qd6 21. Nxb6
Bxf3 22. Bxf3 Qxb6 23. Rg1+ Kh8 24. Rc5 Rad8 25. Qd3 f5 26. Bd5 Qf6 27. Qc4 Nb3
28. Qxb3 Qa1+ 29. Ke2 Rfe8+ 30. Kf3 Qxg1 31. Qc3+ Qg7 32. Qxg7+ Kxg7 33. Bxb7
Rd3+ 34. Kf4 Rxa3 35. Kxf5 Re6 36. f3 Ra4 37. b5 Ra5 38. Bc6 axb5 39. Rxb5
Rxb5+ 40. Bxb5 Rh6 41. Kf4 Rxh2 42. Bd7 Rh4+ 43. Kg3 Rd4 44. Bf5 h6 45. f4 Rc4
46. Bd7 h5 47. Bf5 h4+ 48. Kxh4 Rxf4+ 49. Kg5 Rf2 50. Be4 f6+ 51. Kg4 Kf7 52.
Kg3 Rd2 53. Kf4 Ke6 54. Bf5+ Kd6 55. Bc8 Kd5 56. Bb7+ Kd4 57. Kf3 f5 58. Bc6
Ke5 59. Ke3 Rc2 60. Bb7 Rc3+ 61. Kd2 Rb3 62. Bc6 Kf4 63. Bd7 Rb7 64. Be6 Re7
65. Bc8 Re5 0-1

[Event "M.Botvinnik Memorial 2012"]
[Site "St. Petersburg, Russia"]
[Date "2012.08.28"]
[Round "4.73"]
[White "Nikitinyh, Boris"]
[Black "Sazonova, Anastasia"]
[Result "0-1"]
[WhiteElo "2185"]
[BlackElo "2002"]
[PlyCount "116"]
[EventDate "2012.08.25"]

1. e4 c5 2. Nf3 d6 3. d4 cxd4 4. Nxd4 Nf6 5. Bd3 Nc6 6. Nxc6 bxc6 7. O-O g6 8.
b3 Bg7 9. Bb2 O-O 10. Nd2 Qc7 11. Qe2 e5 12. Nc4 Nd7 13. Rad1 d5 14. Nd2 Bb7
15. c4 f5 16. cxd5 cxd5 17. exd5 Bxd5 18. Bc4 Bf7 19. Bxf7+ Rxf7 20. Nc4 e4 21.
Nd6 Re7 22. Nb5 Qa5 23. Qc4+ Kh8 24. Bxg7+ Rxg7 25. Nd6 Rf8 26. b4 Qb6 27. a4
Ne5 28. Qc3 Nd3 29. Nc4 Qc7 30. b5 Qc5 31. Qb3 Rc8 32. Na5 Qb6 33. Nc4 Qe6 34.
Nd2 Qxb3 35. Nxb3 Rc4 36. Ra1 Rb4 37. Rfb1 Rc7 38. Na5 Rxb1+ 39. Rxb1 Nb2 40.
Nc6 Nxa4 41. Ra1 Nc3 42. Nxa7 Rb7 43. Ra5 f4 44. h4 e3 45. fxe3 fxe3 46. Ra1 e2
47. Nc6 Rxb5 48. Re1 Rd5 49. Kf2 Kg7 50. Nb4 Rd4 51. Nc2 Rxh4 52. Ra1 Re4 53.
Ne1 Nd1+ 54. Kf3 Re3+ 55. Kf4 h5 56. Ra6 Re7 57. Kf3 g5 58. Ra2 Re3# 0-1

[Event "M.Botvinnik Memorial 2012"]
[Site "St. Petersburg, Russia"]
[Date "2012.08.28"]
[Round "4.74"]
[White "Dushin, Nikolay"]
[Black "Solovjova, Valentina"]
[Result "0-1"]
[WhiteElo "1998"]
[BlackElo "2175"]
[PlyCount "130"]
[EventDate "2012.08.25"]

1. d4 d5 2. Nf3 Nf6 3. c4 c6 4. Nc3 e6 5. cxd5 exd5 6. Qc2 Bd6 7. Bg5 h6 8.
Bxf6 Qxf6 9. Nxd5 Qe6 10. Nc3 Na6 11. a3 O-O 12. e3 b5 13. d5 cxd5 14. Bxb5 Bb7
15. Nd4 Qg4 16. g3 Nc5 17. Rd1 Ne6 18. Be2 Qh3 19. Bf1 Qh5 20. Qe2 Qg6 21. Bg2
Nxd4 22. Rxd4 Bc5 23. Rg4 Qe6 24. Ra4 Bc6 25. Ra6 Bb6 26. O-O Rad8 27. Rd1 Rfe8
28. Nb5 Qf6 29. Nxa7 Bb7 30. Rxb6 Qxb6 31. Nb5 Ba6 32. a4 d4 33. Bf1 dxe3 34.
Rxd8 Qxd8 35. fxe3 Qb6 36. Kf2 Qf6+ 37. Ke1 Rc8 38. Qd2 h5 39. Be2 h4 40. Qd4
Qg5 41. Qf4 Qc5 42. Nc3 Bxe2 43. Kxe2 hxg3 44. hxg3 Qb6 45. Nd5 Qxb2+ 46. Kf3
Rc1 47. Ne7+ Kf8 48. Ng6+ Ke8 49. Qe4+ Kd8 50. Qd5+ Kc8 51. Ne7+ Kc7 52. Qa5+
Kd7 53. Nf5 Rf1+ 54. Kg4 Qe2+ 55. Kg5 f6+ 56. Kg6 Qg4+ 57. Kf7 Qxf5 58. Qa7+
Kc6 59. Qa8+ Kc5 60. Qa7+ Kb4 61. Qb6+ Kxa4 62. Qd4+ Kb3 63. Qb6+ Kc2 64. Qc6+
Kd3 65. e4 Qxe4 0-1

[Event "M.Botvinnik Memorial 2012"]
[Site "St. Petersburg, Russia"]
[Date "2012.08.28"]
[Round "4.75"]
[White "Lagashin, Pavel"]
[Black "Belov, Nikita"]
[Result "0-1"]
[WhiteElo "2175"]
[BlackElo "1992"]
[PlyCount "68"]
[EventDate "2012.08.25"]

1. d4 Nf6 2. c4 g6 3. Nf3 Bg7 4. g3 d6 5. Bg2 O-O 6. O-O Nbd7 7. Nc3 e5 8. e4
Re8 9. d5 Nc5 10. Ne1 a5 11. Nd3 Nfd7 12. Be3 f5 13. exf5 gxf5 14. Nxc5 dxc5
15. Qh5 Nf6 16. Qh4 Qe7 17. Rad1 Bd7 18. Bg5 Qf8 19. d6 c6 20. Na4 Re6 21. Nxc5
Rxd6 22. Rxd6 Qxd6 23. Nxb7 Qe7 24. b3 Qf7 25. Rd1 e4 26. Bh3 Ng4 27. Nd6 Qg6
28. Nxe4 fxe4 29. Rxd7 Ne5 30. Rxg7+ Kxg7 31. Bg2 e3 32. Be4 e2 33. Bd2 Nf3+
34. Bxf3 Qb1+ 0-1

[Event "M.Botvinnik Memorial 2012"]
[Site "St. Petersburg, Russia"]
[Date "2012.08.28"]
[Round "4.76"]
[White "Tselkovskiy, Kirill"]
[Black "Ljubarov, Mark"]
[Result "1-0"]
[WhiteElo "1991"]
[BlackElo "2158"]
[PlyCount "61"]
[EventDate "2012.08.25"]

1. e4 e5 2. Nf3 Nc6 3. Bb5 a6 4. Ba4 Nf6 5. d3 b5 6. Bb3 Be7 7. O-O d6 8. a4
Bb7 9. Nc3 b4 10. Ne2 Na5 11. Ba2 O-O 12. Ng3 g6 13. Bh6 Re8 14. Qd2 c5 15. Nf5
Bf8 16. Bxf8 Rxf8 17. Nh6+ Kg7 18. Ng5 d5 19. Nhxf7 Qe7 20. f4 Rxf7 21. Nxf7
Kxf7 22. Rae1 Kg7 23. fxe5 Qxe5 24. exd5 Qd4+ 25. Kh1 Ng8 26. c3 Qh4 27. cxb4
Qxb4 28. Qf2 Rd8 29. Qf7+ Kh8 30. Re7 Qh4 31. Qg7# 1-0

[Event "M.Botvinnik Memorial 2012"]
[Site "St. Petersburg, Russia"]
[Date "2012.08.28"]
[Round "4.77"]
[White "Shirokov, Alexander"]
[Black "Ustinov, Alexey"]
[Result "0-1"]
[WhiteElo "1972"]
[BlackElo "2155"]
[PlyCount "62"]
[EventDate "2012.08.25"]

1. d4 Nf6 2. c4 c5 3. d5 b5 4. Nc3 b4 5. Nb1 g6 6. g3 d6 7. Bg2 Bg7 8. e4 O-O
9. Ne2 a5 10. Nd2 a4 11. Rb1 h5 12. O-O h4 13. gxh4 Bg4 14. f3 Bh5 15. Ng3 Nbd7
16. Nxh5 Nxh5 17. f4 e5 18. dxe6 Bd4+ 19. Kh1 Qxh4 20. Qe1 Qxe1 21. exf7+ Rxf7
22. Rxe1 Nxf4 23. Nf3 Nxg2 24. Kxg2 Raf8 25. Nxd4 Rf2+ 26. Kg1 cxd4 27. Bh6
R8f7 28. Rbd1 Ne5 29. Rxd4 Rxb2 30. Rf1 Nf3+ 31. Rxf3 Rxf3 0-1

[Event "M.Botvinnik Memorial 2012"]
[Site "St. Petersburg, Russia"]
[Date "2012.08.28"]
[Round "4.78"]
[White "Kukhmazov, Arsen"]
[Black "Chuprova, Irina"]
[Result "1-0"]
[WhiteElo "2154"]
[BlackElo "1972"]
[PlyCount "85"]
[EventDate "2012.08.25"]

1. d4 Nf6 2. c4 g6 3. g3 Bg7 4. Bg2 O-O 5. Nc3 d6 6. Nf3 Nbd7 7. O-O e5 8. h3
c6 9. e4 Re8 10. Be3 Qc7 11. Rc1 exd4 12. Nxd4 Nc5 13. Qc2 a5 14. b3 Nfd7 15.
Rfd1 Nf8 16. Ndb5 cxb5 17. Nxb5 Qe7 18. Nxd6 Nfe6 19. Nxe8 Qxe8 20. Rd5 Nd7 21.
Rcd1 Nf6 22. R5d2 h6 23. e5 Nd7 24. f4 Ndf8 25. Rd6 a4 26. b4 a3 27. b5 Nd7 28.
c5 Bf8 29. c6 Bxd6 30. exd6 Nd8 31. Bd4 Nf8 32. Bf6 Qe3+ 33. Kh2 Bf5 34. cxb7
Nxb7 35. Qc6 Re8 36. Be5 Nxd6 37. Qxd6 Nd7 38. Qd2 Qxd2 39. Rxd2 Nxe5 40. fxe5
Rxe5 41. b6 Kg7 42. b7 Rb5 43. Rd8 1-0